Poner el adelanto tecnológico al servicio del desarrollo humano (I)

Na minha lista:
Detalhes bibliográficos
Formato: Texto
Assuntos:
Tags: Adicionar Tag
Sem tags, seja o primeiro a adicionar uma tag!

MARC

LEADER 00000 a a2200000 04500
001 6560
003
040
245 |a Poner el adelanto tecnológico al servicio del desarrollo humano (I)  
650 |a TECNOLOGIA  
650 |a DESARROLLO HUMANO  
773 |g volumen 22, número 988; páginas 14-16  
999 |c 21326  |d 21326